000
00333nam a2200133Ia 4500
008
100328s9999 xx 000 0 und d
082
_b
34276
100
_a
कर्णिक हेमन.
245
_a
सी वॉर
260
_b
रावजी
630
_a
सी वॉर
730
_a
सी वॉर
942
_c
BOOK
999
_c
524484
_d
524481